Animaux en image - Littlest Petshop - Statistiques

Statistiques générales
  • Ce quiz a été pris 51 fois
  • Le résultat moyen est 12 sur 16
Statistiques - réponses
Par images Réponse % Correct
Girafe
91%
Cheval
88%
Requin
88%
Tigre
88%
Coq
85%
Lama
82%
Rhinocéros
82%
Vache
79%
Fourmilier
76%
Morse
74%
Pelican
71%
Axolotl
68%
Iguane
56%
Mouette
53%
Lionne
41%
Mille-pattes
32%
Aucun quiz correspondant
Distribution des résultats
% des personnes avec chaque résultat
Percentile par nombre de réponses
Votre historique - résultats
Vous n’avez pas pris ce quiz